000 00559nam a22001937a 4500
005 20260428124134.0
008 260428b |||||||| |||| 00| 0 eng d
037 _cDSWL
040 _aDSWL
_cDSWL
041 _heng
084 _aY:491 Q8
245 _aEliminating Gender-Based Violence
260 _aLondon,
_bRoutledge Publication,
_c2018
300 _a182p
365 _aGBP
_b29.99
700 _aBeth R. Crisp Ed.
_91235878
942 _2CC
_cTEXL
_hY:491 Q8
_n0
999 _c1848596
_d1848596